000
00276nam a2200109Ia 4500
001
1259623
005
20260417140315.0
008
260417s9999 xx 000 0 und d
020
_a
9789752899339
245
0
_a
Yarın Yapayalnız
_c
Selim İleri
260
_b
Everest Yayınları
999
_c
1259623
_d
1259623